LEADER 02991nam 2200649Ia 450 001 9910454847603321 005 20200520144314.0 010 $a1-282-39294-8 010 $a9786612392948 010 $a0-85700-191-4 035 $a(CKB)1000000000811542 035 $a(EBL)465789 035 $a(OCoLC)501078256 035 $a(SSID)ssj0000337527 035 $a(PQKBManifestationID)11929322 035 $a(PQKBTitleCode)TC0000337527 035 $a(PQKBWorkID)10294935 035 $a(PQKB)11181444 035 $a(MiAaPQ)EBC465789 035 $a(Au-PeEL)EBL465789 035 $a(CaPaEBR)ebr10346996 035 $a(CaONFJC)MIL239294 035 $a(EXLCZ)991000000000811542 100 $a20090319d2009 uy 0 101 0 $aeng 135 $aur|n|---||||| 181 $ctxt 182 $cc 183 $acr 200 10$aExploring the self through photography$b[electronic resource] $eactivities for use in group work /$fClaire Craig 210 $aLondon ;$aPhiladelphia $cJessica Kingsley$dc2009 215 $a1 online resource (205 p.) 300 $aDescription based upon print version of record. 311 $a1-84985-692-3 311 $a1-84310-666-3 320 $aIncludes bibliographical references. 327 $afrontcover; Exploring the Self through Photography: Activities for use in Group Work; Acknowledgements; Contents; PREFACE; INTRODUCTION; Part I; CHAPTER 1 Why Photography?; CHAPTER 2 What Photography Can Offer; CHAPTER 3 Establishing and Facilitating your Group; Part II; CHAPTER 4 Images as Starting Points; CHAPTER 5 Images as Gateways to the Imagination; CHAPTER 6 Images as Communication; CHAPTER 7 Images as Relationship-builders; CHAPTER 8 Images as Tools for Reflection; CHAPTER 9 Images and Self-identity; CHAPTER 10 Images as Agents for Change; CHAPTER 11 Endings 327 $aCHAPTER 12 Where the Personal and Professional MeetCONCLUSION: LOOKING TO THE FUTURE; REFERENCES; RESOURCES AND FURTHER READING; APPENDIX; INDEX 330 $aClaire Craig explores how professionals working with groups can use photography to promote self-exploration and positive change. She explains how the technique works, who it can help, and how to set up and run a group. Each chapter revolves around a key theme, such as communication, reflection, relationship-building and self-esteem. 606 $aPhotography in psychotherapy 606 $aIntrospection 606 $aSelf-consciousness (Awareness) 606 $aPhotography$xPsychological aspects 608 $aElectronic books. 615 0$aPhotography in psychotherapy. 615 0$aIntrospection. 615 0$aSelf-consciousness (Awareness) 615 0$aPhotography$xPsychological aspects. 676 $a616.89/165 700 $aCraig$b Claire$f1969-$0992006 801 0$bMiAaPQ 801 1$bMiAaPQ 801 2$bMiAaPQ 906 $aBOOK 912 $a9910454847603321 996 $aExploring the self through photography$92270370 997 $aUNINA LEADER 03472nam 2200577Ia 450 001 9910778260703321 005 20230828204714.0 010 $a1-281-92781-3 010 $a9786611927813 010 $a981-277-485-8 035 $a(CKB)1000000000480149 035 $a(StDuBDS)AH24684554 035 $a(SSID)ssj0000112133 035 $a(PQKBManifestationID)11128810 035 $a(PQKBTitleCode)TC0000112133 035 $a(PQKBWorkID)10085637 035 $a(PQKB)11514329 035 $a(MiAaPQ)EBC1681351 035 $a(WSP)00005058 035 $a(Au-PeEL)EBL1681351 035 $a(CaPaEBR)ebr10201239 035 $a(CaONFJC)MIL192781 035 $a(OCoLC)879025127 035 $a(EXLCZ)991000000000480149 100 $a20031202d2006 uy 0 101 0 $aeng 135 $aur||||||||||| 181 $ctxt 182 $cc 183 $acr 200 00$aBiomathematics$b[electronic resource] $emodelling and simulation /$feditor, J.C. Misra 210 $aSingapore ;$aHackensack, NJ $cWorld Scientific$dc2006 215 $a1 online resource (550 p.) 300 $aBibliographic Level Mode of Issuance: Monograph 311 $a981-238-110-4 320 $aIncludes bibliographical references and index. 327 $aDetecting Mosaic Structures in DNA Sequence Alignments (D Husmeier); Application of Statistical Methodology and Model Design to Socio-Behaviour of HIV Transmission (J Oluwoye); A Stochastic Model Incorporating HIV Treatments for a Heterosexual Population: Impact on Threshold Conditions (R J Gallop et al.); Modeling and Identification of the Dynamics of the MF-Influenced Free-Radical Transformations in Lipid-Modeling Substances and Lipids (J Bentsman et al.); Computer Simulation of Self-Reorganization in Biological Cells (D Greenspan); Modelling Biological Gel Contraction by Cells: Consequences of Cell Traction Forces Distribution and Initial Stress (S Ramtani); Peristaltic Transport of Physiological Fluids (J C Misra & S K Pandey); Mathematical Modelling of DNA Knots and Links (J C Misra & S Mukherjee); Using Monodomain Computer Models for the Simulation of Electric Fields During Excitation Spread in Cardiac Tissue (G Plank); Flow in Tubes with Complicated Geometries with Special Application to Blood Flow in Large Arteries (G Jayaraman); Mathematical Modeling in Reproductive Biomedicine (S Sharma & S K Guha); Image Theory and Applications in Bioelectromagnetics (P D Einziger et al.); Dynamics of Humanoid Robots: Geometrical and Topological Duality (V G Ivancevic); The Effects of Body Composition on Energy Expenditure and Weight Dynamics During Hypophagia: A Setpoint Analysis (F P Kozusko); Mathematical Models in Population Dynamics and Ecology (R Dilao); Modelling in Bone Biomechanics (J C Misra & S Samanta). 330 $aThis work on modelling and simulation in biomathematics is designed for researchers who are interested in the emerging areas of the field. Graduate students and lecturers in related areas should also find it useful. Some of the chapters have been written by known experts in the field. 606 $aBiomathematics 606 $aBiological models 615 0$aBiomathematics. 615 0$aBiological models. 676 $a570.151 701 $aMisra$b J. C$01492824 801 0$bMiAaPQ 801 1$bMiAaPQ 801 2$bMiAaPQ 906 $aBOOK 912 $a9910778260703321 996 $aBiomathematics$93715532 997 $aUNINA